ბათუმის შოთა რუსთაველის სახელმწიფო უნივერსიტეტის ბიბლიოთეკა

თბილისის სახელმწიფო უნივერსიტეტის შრომები : (ბიბ.ჩანაწერი № 60278)

000 -ლიდერი
ფიქსირებული სიგრძის საკონტროლო ველი 01257nam a22001937a 4500
003 - საკონტროლო ნომრის იდენტიფიკატორი
საკონტროლო ველი Ge_BSU
005 - ბოლო ოპერაციის თარიღი და დრო
საკონტროლო ველი 20230623161543.0
008 - ფიქსირებული სიგრძის მონაცემთა ელემენტები - ზოგადი ინფორმაცია
ფიქსირებული სიგრძის საკონტროლო ველი 230623s1984 ge ||||| |||| 00| 0 geo d
041 ## - ენის კოდი
Language code of text/sound track or separate title geo
080 ## - უნივერსალური ათობითი კლასიფიკაციის ინდექსი
Universal Decimal Classification number 378(061) თ-40
245 ## - ცნობა სათაურის შესახებ
Title თბილისის სახელმწიფო უნივერსიტეტის შრომები :
Remainder of title ტ. 249, არქეოლოგია, კლასიკური ფილოლოგია, ბიზანტინისტიკა 3/4 = Археология, классическая филология, византинистика 3/4 /
Statement of responsibility, etc თბილისის უნივერსიტეტი; რედ. რ. გორდეზიანი.
264 ## - წარმოების, გამოცემის, დისტრიბუციის და სხვა ცნობები
გამოცემის, წარმოების, დისტრიბუციის... ადგილი თბილისი :
გამოცემის, წარმოების, დისტრიბუციის... სახელწოდება თბილისის უნ-ტის გამ-ბა და სტ.,
გამოცემის, წარმოების, დისტრიბუციის... თარიღი 1984.
300 ## - ფიზიკური აღწერა
Extent 523 გვ. :
Other physical details სურ. ;
Dimensions 20 სმ.
501 ## - შენიშვნა თანმხლებ მასალაზე
With note ტექსტი ქართ. და რუს. ენ.
653 ## - INDEX TERM--UNCONTROLLED
Uncontrolled term არქეოლოგია, კლასიკური
653 ## - INDEX TERM--UNCONTROLLED
Uncontrolled term ფილოლოგია, ბიზანტინისტიკა
700 ## - ADDED ENTRY--PERSONAL NAME
Personal name გორდეზიანი, რისმაგ
Relator term რედაქტორი
9 (RLIN) 18945
942 ## - ADDED ENTRY ELEMENTS (KOHA)
Source of classification or shelving scheme
Koha item type წიგნი
ეგზემპლარები
ჩამოწერის სტატუსი დაკარგული ეგზემპლარის სტატუსი კლასიფიკაციის წყარო ან თაროზე გაწყობის სქემა დაზიანების სტატუსი არ გაიცემა მუდმივი მდებარეობა (დაცვის ადგილი) ამჟამინდელი ადგილსამყოფელი თაროზე განთავსების ადგილი შეძენის თარიღი ღირებულება, შესყიდვის ნორმალური ფასი სრული შენახვის შიფრი შტრიხკოდი ბოლო ოპერაციის თარიღი ეგზემპლარის მიმდევრობითი ნომერი (კეტერი?) Uniform Resource Identifier ფასის ძალაში შესვლის თარიღი ეგზემპლარის სახეობა საჯარო შენიშვნა
          ბათუმის შოთა რუსთაველის სახელმწიფო უნივერსიტეტის მთავარი ბიბლიოთეკა ბათუმის შოთა რუსთაველის სახელმწიფო უნივერსიტეტის მთავარი ბიბლიოთეკა წიგნსაცავი 2023-06-23 5.00 378(061) თ-40 64781 2023-06-23 64781 ბსუ-ს საპატიო დოქტორის გურამ ლორთქიფანიძის საჩუქარი 2023-06-23 წიგნი 5 ლ.